Loreto College Library, Kolkata
WEBOPAC (ONLINE PUBLIC ACCESS CATALOGUE)

Bangla sahityer itihas (Record no. 41713)

MARC details
000 -LEADER
fixed length control field 00601nam a2200217Ia 4500
005 - DATE AND TIME OF LATEST TRANSACTION
control field 20180724142733.0
008 - FIXED-LENGTH DATA ELEMENTS--GENERAL INFORMATION
fixed length control field 131103s9999 xx 000 0 und d
020 ## - ISBN | অাই এস বি এন
ISBN | অাই এস বি এন 8172151039
PRICE ₹ 300
040 ## - CATALOGING SOURCE
Original cataloging agency Loreto College
041 ## - LANGUAGE CODE
Language code English
082 ## - DDC | ডিউই
Classification number | বর্গসংখ্যা 891.44
Book Number | গ্রন্থাঙ্ক SEN
100 ## - MAIN ENTRY--PERSONAL NAME | মুখ্য সংলেখ - ব্যাক্তিনাম
Personal name | ব্যাক্তিনাম Sen, Sukumar
245 ## - TITLE STATEMENT | অাখ্যা বিবরণী
Title | অাখ্যা Bangla sahityer itihas
Sub title | উপঅাখ্যা 1801-1880
Statement of responsibility | লেখকের দায়িত্বের বিবরণ Sukumar Sen
250 ## - EDITION STATEMENT | সংস্করণ ক্ষেত্র
Edition statement | সংস্করণ 10th ed
260 ## - IMPRINT | প্রকাশনা ক্ষেত্র
Place of publication | প্রকাশ স্থান Calcutta
Name of publisher | প্রকাশকের নাম Anaada Publications
Date of publication | প্রকাশ কাল 2014
300 ## - PHYSICAL DESCRIPTION |
Page / Vol. No | পৃষ্ঠা / খন্ড সংখ্যা V.3(564p)
Other physical details | অনান্য বাহ্যিক বিবরণ 24 cm.
504 ## - BIBLIOGRAPHY, ETC. NOTE
Bibliography, etc Include index
650 ## - SUBJECT ADDED ENTRY--TOPICAL TERM | বিষয় শিরোনাম - মূল বিষয়
Topical term | মূল বিষয় Bengali Literature - History and Criticism, 1801-1880
850 ## - HOLDING INSTITUTION
Holding institution LCLIB
942 ## - ADDED ENTRY ELEMENTS (KOHA)
Koha item type Books
Holdings
Withdrawn status Lost status Source of classification Damaged status Not for loan Home library Current library Date acquired Price Total Checkouts Full call number Accession No. Date last seen Date checked out Price effective from Koha item type
    Dewey Decimal Classification     Loreto College Loreto College 24/07/2018 0.00 1 891.44 SEN 52589 45634 31/08/2018 31/08/2018 24/07/2018 Books
    Dewey Decimal Classification     Loreto College Loreto College 24/07/2018 0.00 1 891.44 SEN 52590 45635 07/09/2018 07/09/2018 24/07/2018 Books